[Event "Hessen-chB"]
[Site "Marburg"]
[Date "2017.??.??"]
[Round "7"]
[White "Hettler, Wolfgang"]
[Black "Pleyer, Christian"]
[Result "1/2-1/2"]
[WhiteElo "2060"]
[BlackElo "1733"]
[PlyCount "51"]
[EventDate "2017.05.24"]
[EventType "swiss"]
[EventRounds "7"]
[EventCountry "GER"]
[SourceTitle "EXT 2018"]
[Source "ChessBase"]
[SourceDate "2017.10.13"]
[SourceVersion "1"]
[SourceVersionDate "2017.10.13"]
[SourceQuality "1"]

1. d4 Nf6 2. c4 e6 3. Nf3 d5 4. e3 Be7 5. Nc3 0-0 6. Bd3 b6 7. 0-0 Bb7 8. b3 Nbd7 9. cxd5 Nxd5 10. Nxd5 Bxd5 11. e4 Bb7 12. Bb2 c5 13. Qe2 cxd4 14. Bxd4 Bf6 15. Rfd1 Bxd4 16. Nxd4 Nc5 17. Bc2 Qf6 18. b4 Rad8 19. Qe3 e5 20. Nb5 Ne6 21. Nxa7 Nd4 22. Bd3 Qe6 23. Nb5 Nxb5 24. Bxb5 Rxd1+ 25. Rxd1 Qxa2 26. h3 1/2-1/2

[Event "Hessen-ch op-B"]
[Site "Frankfurt Sossenheim"]
[Date "2015.??.??"]
[Round "1"]
[White "Krastev, Alexander"]
[Black "Pleyer, Christian"]
[Result "1-0"]
[WhiteElo "1940"]
[BlackElo "1683"]
[PlyCount "83"]
[EventDate "2015.05.13"]
[EventType "swiss"]
[EventRounds "7"]
[EventCountry "GER"]
[SourceTitle "EXT 2016"]
[Source "ChessBase"]
[SourceDate "2015.10.08"]
[SourceVersion "1"]
[SourceVersionDate "2015.10.08"]
[SourceQuality "1"]

1. e4 e6 2. d4 b6 3. Nc3 Bb7 4. Bd3 Bb4 5. Bd2 Nf6 6. Nge2 0-0 7. 0-0 c5 8. e5 Nd5 9. Ne4 Qc7 10. c3 c4 11. Bc2 Be7 12. b3 b5 13. a4 a6 14. b4 Qc6 15. f3 f5 16. Nc5 Bxc5 17. dxc5 Qc7 18. axb5 axb5 19. Rxa8 Bxa8 20. Nd4 Qb7 21. Qe1 Nc6 22. g4 Nxd4 23. cxd4 fxg4 24. Qh4 g6 25. Bh6 gxf3 26. Bxf8 f2+ 27. Kxf2 Nxb4 28. c6 Qxc6 29. Bxb4 Qf3+ 30. Ke1 Qe3+ 31. Kd1 Bf3+ 32. Rxf3 Qxf3+ 33. Kc1 Qe3+ 34. Kb2 h5 35. Qd8+ Kh7 36. Qxd7+ Kh6 37. Bf8+ Kg5 38. Qe7+ Kg4 39. Qxe6+ Kh4 40. Qf6+ g5 41. e6 Qd2 42. Qe5 1-0

[Event "Hessen-ch op-B"]
[Site "Frankfurt Sossenheim"]
[Date "2015.??.??"]
[Round "7"]
[White "Zimmer, Sascha"]
[Black "Pleyer, Christian"]
[Result "1-0"]
[WhiteElo "1937"]
[BlackElo "1683"]
[PlyCount "111"]
[EventDate "2015.05.13"]
[EventType "swiss"]
[EventRounds "7"]
[EventCountry "GER"]
[SourceTitle "EXT 2016"]
[Source "ChessBase"]
[SourceDate "2015.10.08"]
[SourceVersion "1"]
[SourceVersionDate "2015.10.08"]
[SourceQuality "1"]

1. c4 e5 2. Nc3 Nf6 3. g3 Bb4 4. Bg2 0-0 5. Qc2 Nc6 6. e3 Rb8 7. Nf3 Re8 8. a3 Bxc3 9. dxc3 d6 10. b4 Ne7 11. 0-0 Bf5 12. Qb3 h6 13. Rd1 Qc8 14. Bb2 Be6 15. b5 Nd7 16. Qb4 Nc5 17. Nxe5 Bh3 18. Nd3 Nxd3 19. Rxd3 Qf5 20. Rad1 Bxg2 21. Kxg2 b6 22. a4 h5 23. c5 bxc5 24. Qc4 Ng6 25. Qd5 Qe4+ 26. Qxe4 Rxe4 27. Ra1 Ne5 28. Rd5 Nc4 29. Kf3 Re5 30. Rxe5 Nxe5+ 31. Ke2 a6 32. f4 Nc4 33. Rb1 axb5 34. Kd3 c6 35. Bc1 Kf8 36. h3 Ke7 37. e4 f6 38. g4 hxg4 39. hxg4 Rb7 40. g5 Na5 41. axb5 cxb5 42. f5 Nc6 43. g6 b4 44. cxb4 Rxb4 45. Ra1 Rb7 46. Ra8 Rb8 47. Ra3 Kd7 48. Bf4 Nb4+ 49. Kc4 Rb7 50. Rh3 Kc6 51. Rh7 d5+ 52. exd5+ Nxd5 53. Bh6 gxh6 54. Rxb7 Ne3+ 55. Kd3 Nxf5 56. Rf7 1-0

[Event "Rhein Main op-B 16th"]
[Site "Bad Homburg"]
[Date "2013.06.02"]
[Round "7"]
[White "Diener, Carolin Valeria"]
[Black "Pleyer, Christian"]
[Result "0-1"]
[WhiteElo "1730"]
[BlackElo "1539"]
[PlyCount "104"]
[EventDate "2013.05.29"]
[EventType "swiss"]
[EventRounds "7"]
[EventCountry "GER"]
[SourceTitle "EXT 2014"]
[Source "ChessBase"]
[SourceDate "2013.11.20"]
[SourceVersion "1"]
[SourceVersionDate "2013.11.20"]
[SourceQuality "1"]

1. e4 e6 2. d4 b6 3. Nc3 Bb7 4. Bd3 Nf6 5. Nge2 Nc6 6. a3 d6 7. 0-0 Be7 8. f4 Qd7 9. Bd2 a6 10. Qe1 h6 11. Qg3 g6 12. Rae1 0-0-0 13. b4 Nb8 14. a4 Rdg8 15. Qf3 Nh5 16. g4 Ng7 17. d5 f5 18. Ng3 Bh4 19. a5 b5 20. Be3 Qf7 21. Bf2 Nd7 22. dxe6 Nxe6 23. Nd5 fxg4 24. Qxg4 Bd8 25. Be3 h5 26. Qf3 Nf6 27. c4 Ng4 28. h3 Nxe3 29. Qxe3 h4 30. Ne2 g5 31. f5 Nf4 32. Kh2 Nxd3 33. Qxd3 g4 34. hxg4 Rxg4 35. Rg1 Rhg8 36. Qh3 Rxg1 37. Rxg1 Rxg1 38. Nxg1 bxc4 39. Nc3 Qf6 40. Qe3 Qe5+ 41. Kh3 d5 42. Nge2 dxe4 43. Qf4 Qxf4 44. Nxf4 Bf6 45. Nfd5 Bxd5 46. Nxd5 c3 47. Ne3 Kd7 48. Kg4 c6 49. Nc2 Kd6 50. Kf4 Kd5 51. Ke3 Ke5 52. Nd4 Bg5+ 0-1